| 000 | 00679nam a2200181Ia 4500 | ||
|---|---|---|---|
| 008 | 170725s9999 xx 000 0 und d | ||
| 100 | _aHossein Navidinia | ||
| 245 | _aEnglish Language Learners’ Big Five Personality Characteristics and Their Preference for Isolated or Integrated Form-Focused Instruction | ||
| 245 | _cHossein Navidinia, Zeinab Beidokhti… | ||
| 260 | _c2017 | ||
| 300 | _apages 75-83, April | ||
| 440 |
_aThe Asia-Pacific Education Researcher _v26:1-2 |
||
| 500 | _aCJ0033 | ||
| 650 | _aBIG FIVE PERSONALITY TRAITS | ||
| 650 | _aEFL STUDENTS' PREFERENCES | ||
| 650 | _aISOLATED AND INTEGRATED FORM-FOCUSED INSTRUCTION | ||
| 650 | _aTEACHING GRAMMAR | ||
| 999 |
_c340904 _d340904 |
||